000 00355 a2200169 4500
001 60142
020 _a8532207685
040 _cAnchieta - Pituba
100 _aAlencar, José de
240 1 0 _aA pata da gazela
_lpor
245 1 0 _aA pata da gazela
300 _a126
362 0 _a1992
440 1 _aFTD
650 4 _aFicção brasileira
942 _cBK
999 _c60142
_d60142